03199nab a2200553 4500003000900000040001300009245004300022300003400065505001100099505004900110505005400159505006800213505008000281505002300361505005000384505004300434505005500477505007500532505002900607505011400636505003700750505008900787505008900876505008100965505011501046505006401161505003801225505006701263505006701330505005501397505007701452505011801529505010701647505007301754505004001827505009501867505006701962505008702029505010102116505007702217505008902294505007502383650002402458650001402482651002902496651003402525651002402559773006202583AR-RoUNA aAR-RoUNA10aShopping centers y locales comerciales bfot. byn.bplantasc30x23 cm.0 tINDICE0 aJulio Cacciatore arq. / Presentación. p. 90 tDISEÑO DEL ESPACIO PARA ACTIVIDADES COMERCIALES0 aIroshi Ibezawa / El crecimiento de los shopping centers. p. 110 aEdward Suski / Impresiones acerca del shopping center norteamericano. p. 120 tUNICENTER SHOPPING0 aShopping Unicenter. Hipermercado Jumbo. p. 150 aFuddruckers, Shopping Unicenter. p. 210 aEstudio Arenales / Vava, Shopping Unicenter. p. 240 aEstudio Aja Espil-Cobelo / Arique Diseños, Shopping Unicenter. p. 270 tSPINETTO SHOPPING CENTER0 aAlfredo E. Iglesias. Gerencia de Construcciones del Hogar Obrero / Centro Integral de Consumo Spinetto. p. 310 tARQUITECTURA COMERCIAL HISTORICA0 tJosé Jumilla arq. /Arquitectura de las grandes tiendas en Rosario 1900/1950. p. 380 aTienda La Favorita, Calle Córdoba y Sarmiento, Rosario, Santa Fe, Argentina. p. 390 aEstudio Conder, Farmer y Follet / Gath & Chaves, (Hoy La Buena Vista). p. 400 aJosé Gerbino y Manuel Ocampo / Los Gobelinos, Calle Córdoba y San Martín, Rosario, Santa Fe, 1939. p. 410 aCasa Tía, Calle Córdoba, Rosario, Santa Fe, 1950. p. 430 tARQUITECTURA COMERCIAL EN MENDOZA0 aSilvia Cirvini arq. / Arquitectura comercial en Mendoza. p. 440 aAndrés y Basilio Petrazzi arqs. / El Pasaje Sotomayor. p. 440 aEl Pasaje San Martín, Mendoza, Argentina. p. 46.0 tINTRODUCCION AL ESTUDIO DE LAS GRANDES TIENDAS EN BUENOS AIRES 1880-19300 aHirsch; Patti y Eduardo Forte / Introducción al estudio de las Grandes Tiendas en Buenos Aires 1880-1930. p. 480 aFleury Tronquoy / Casa Central Gath & Chaves, calle Florida y Cangallo, Buenos Aires, Aagentina. p. 500 aPublicidad gráfica de grandes tiendas de Buenos Aires, 1910. p. 540 tLOCALES COMERCIALES EN BUENOS AIRES0 aRaúl Lier, Alberto Tonconnogy arqs. / Show-room Argenblue - Wrangler Buenos Aires. p. 570 aLidia J. Villagrán arq. / Bianca Lancia, Buenos Aires. p. 610 aJaime Grinberg; Adriana Dwek y Gustavo Sartorio arqs. / Movie, Buenos Aires. p. 640 aVíctor Carozza, Antonio ossani y Alberto Murais arqs. / Joyería Homero, Patio Bullrich. . 670 aEduardo Falcón & Asociados / Heladería Freddo, Patio Bullrich. p. 700 aVicente Basile y Marcelo Halac arqs. / Galería Pasaje El Lazo, Buenos Aires. p. 770 aAmette, Cassina y Pérez Segura arqs. / New Deal, Buenos Aires. p. 81 4aCentros comerciales 4aShoppings 0aBuenos Aires (Argentina) 0aRosario (Santa Fe, Argentina) 0aMendoza (Argentina)0 aSumma-TemáticadBuenos Aires, gNº29 (feb-1989), p. 89